Images That End in 'BLE' Quiz Stats

 Plays Quiz Updated Jun 11, 2018

Score 0/24 Timer 04:00
3 Plays Today
Answer % Correct
Scrabble
97.1%
Vegetable
95.1%
Bubble
94.6%
Marble
93.5%
Stable
92.2%
Table
91.3%
Dribble
90.6%
Cable
88.4%
Thimble
87.8%
Stubble
86.5%
Scramble
84.4%
Rubble
80%
Answer % Correct
Pebble
78.4%
Treble
76.4%
Fumble
74.9%
Mandible
72.7%
Double
71.2%
Nibble
70.1%
Variable
65.7%
Gable
63.8%
Gamble
59.9%
Bauble
53.8%
Inflatable
38.5%
Jumble
30%

You're not logged in!

Compare scores with friends on all Sporcle quizzes.
OR
Log In

Sporcle TV

Today on Sporcle TV


Watch our educational content, quiz creation guides, and fun videos on Sporcle TV.

Show Comments

Extras

Top Quizzes Today


Score Distribution

Your Account Isn't Verified!

In order to create a playlist on Sporcle, you need to verify the email address you used during registration. Go to your Sporcle Settings to finish the process.

Report this User

Report this user for behavior that violates our Community Guidelines.

Details: